000 00315nam a22001457a 4500
008 230413b ||||| |||| 00| 0 eng d
020 _a9781457688676
041 _aeng
080 _a37
082 _a37ANK
100 _a22
101 _aEDUKIM
245 _aREAL READING AND WRITING
_cANKER S
942 _2udc
_cBK
999 _c59521
_d59521